Sachsisches Glas (Запис номер 115252)
[ съкратено ]
| 000 -Лидер | |
|---|---|
| Контролно поле с фиксирана дължина | 00996nam a2200301 c 4500 |
| 003 - Код на организацията, давaща контролен номер | |
| Контролно поле | BLK |
| 005 - Дата и час на последна редакция | |
| Контролно поле | 20200429151721.0 |
| 008 - Елементи от данни с фиксирана дължина | |
| fixed length control field | 180409b bul|||||r ||||||| ||bul|| |
| 010 ## - Наследен системен номер | |
| LC control number | KNG00120729000 |
| 040 ## - Източник на каталожния запис | |
| Идентификатор на билиотеката - собственик на записа | BLK |
| 041 ## - Код за език | |
| Код за езика на текст/звукозапис или на отделно заглавие | Немски |
| Код за езика КДБФ | Немски |
| 080 ## - УДК | |
| Текстов определител УДК | Художествени предмети от стъкло и кристал. Витражно изкуство |
| УДК код - определител по УДК | 748 |
| УДК - код + определител | 748 |
| 100 1# - Редна дума - Автор | |
| Автор | Haase, Gisela |
| Авторска отговорност | първи автор |
| R(LIN) | 12096 |
| 139 ## - Редно поле | |
| Редна дума | Haase, Gisela |
| Авторски знак | Ha - H 11 |
| Feature heading | Х 12 Ж |
| 245 10 - Сведения за заглавието | |
| Заглавие | Sachsisches Glas |
| Редно поле (дума) | Gisela Haase. |
| 257 ## - Страна на издаване | |
| Страна на създаване/издаване | Германия |
| 260 ## - Област на издателските данни | |
| Име на издателя, разпространителя и проч. | E. A. Seemann |
| Година на издаване | 1988 |
| 300 ## - Физическа характеристика | |
| Страници | 380с. |
| Илюстрации и др. | с ил. |
| Размери/Мащаб | 30 см |
| 380 ## - Жанр | |
| Жанр | Изкуство |
| 650 #4 - Допълнително описание по предмет – тема | |
| Основно описание – тема или топоним | Стъкло |
| 9 (RLIN) | 172725 |
| 653 ## - Ключова дума – ненормативна | |
| Ключова дума | стъкло |
| 653 ## - Ключова дума – ненормативна | |
| Ключова дума | стъклопис |
| 852 ## - Местоположение | |
| Форматна сигнатура | Цб ІІ 7353 |
| 856 4# - Електронен адрес и достъп | |
| Електронен формат | pdf - файл |
| 856 4# - Електронен адрес и достъп | |
| Електронен формат | pdf - файл |
| 999 ## - СИСТЕМНИ КОНТРОЛНИ НОМЕРА | |
| Koha biblionumber | 115252 |
| Koha biblioitemnumber | 115252 |
| 942 ## - АРТИКУЛИ | |
| Вид на библиотечния материал | Книги |
| Скрит в OPAC | Не |
| Периодичен библиозапис | Да |
| 944 ## - СЪЗДАВАНЕ И РЕДАКЦИЯ на ЗАПИСА | |
| Създаване/Редакция | Създаване |
| Дата на регистрацията/редакция | 11.01.2011 |
| Статус, дата на статуса | добави в АБ / 10.01.2011 |
| Служител, извършил регистрацията/редакцията | Наталия_Любомирова |
| 944 ## - СЪЗДАВАНЕ И РЕДАКЦИЯ на ЗАПИСА | |
| Създаване/Редакция | Редакция |
| Дата на регистрацията/редакция | 24.09.2015 |
| Статус, дата на статуса | добави в АБ / 10.01.2011 |
| Служител, извършил регистрацията/редакцията | Ирена_Линкова |
| 999 ## - СИСТЕМНИ КОНТРОЛНИ НОМЕРА | |
| Koha biblioitemnumber | 115252 |
| Код за отписване | Код за изгубен артикул | Източник на класификационната схема | Код за повреда | Коз за рестрикции | Код за отдаване | Артикулен № | Име на библиотеката - собственик | Име на библиотеката, в която се намира в момента | Статус (Текущо местоположение) | Дата на вписване в системата | Местоположение - отдел | Цена в лева | Инвентарен номер | Систематично азбучна сигнатура | Баркод | Номер на екземпляра | Цена в евро | Служебна бележка | Служебен тип на артикула |
|---|---|---|---|---|---|---|---|---|---|---|---|---|---|---|---|---|---|---|---|
| Не е изгубен | Universal Decimal Classification | Не е повреден | без рестрикции | заемане за дома | 185079 | Регионална библиотека "Любен Каравелов" Русе | Регионална библиотека "Любен Каравелов" Русе | Отдел Изкуство - подръчен фонд | 1988-01-01 | Отдел Изкуство - подръчен фонд | 38.00 | 522516 | 745/749/Х 12 Ж | 120000522516 | 1 | 19.43 | N: стар фонд Дата: 01.01.1988 Дата инв: 07.06.2012 Бележки инв: * | Книги |